|
|
|
|
| LEADER |
00000cam a2200000 a 4500 |
| 001 |
vtls011534293 |
| 003 |
SK-MaSNL |
| 005 |
20260302051624.0 |
| 008 |
171219s2016 xo oa j f 000 0 slo |
| 015 |
|
|
|a SNBA2016/12
|
| 020 |
|
|
|a 9788081079344 (brož.)
|
| 035 |
|
|
|a FE34EC32-1CB9-4740-A055-19CC5E5D8C07
|
| 035 |
|
|
|a urn:nbn:sk:snk-amycjq
|
| 035 |
|
|
|a urn:nbn:sk:snk-am00ch5x
|
| 040 |
|
|
|a SNK
|b slo
|c SNK
|e AACR2
|
| 041 |
1 |
|
|a slo
|h eng
|
| 044 |
|
|
|a xo
|c SK
|
| 072 |
|
7 |
|a 74
|x Kresba. Umelecké remeslá
|2 konspekt
|
| 072 |
|
7 |
|a 0/9-053.2
|x Literatúra pre deti a mládež (náučná)
|2 konspekt
|
| 080 |
|
|
|a 746
|2 2011
|
| 080 |
|
|
|a 746.4
|2 2011
|
| 080 |
|
|
|a (035)
|2 2011
|
| 080 |
|
|
|a (0.05)
|2 2011
|
| 080 |
|
|
|a 688.78/.79
|2 2011
|
| 100 |
1 |
|
|a Curto, Rosa María,
|d 1951-
|4 aut
|4 ill
|9 117757
|
| 240 |
1 |
0 |
|a Super Simple Sewing for Kids
|l Slovensky
|
| 245 |
1 |
0 |
|a Super šitie pre deti
|c [text a ilustrácie:] Rosa M. Curto ; [foto: Pep Herrero ; z anglického vydania preklad: Jitka Madarásová]
|
| 260 |
|
|
|a Bratislava
|b Svojtka & Co.
|c 2016
|
| 300 |
|
|
|a 95 s.
|b fareb. fotogr. a ilustr.
|c 27 cm
|
| 650 |
0 |
7 |
|a ručné práce
|2 SNKPH
|9 3095
|
| 650 |
0 |
7 |
|a šitie
|2 SNKPH
|9 3098
|
| 650 |
0 |
7 |
|a Handicrafts
|2 SNKPHeng
|9 270743
|
| 650 |
0 |
7 |
|a Sewing
|2 SNKPHeng
|9 322558
|
| 650 |
0 |
7 |
|a dekoračné predmety
|2 SNKPH
|9 66825
|
| 650 |
0 |
7 |
|a Decorative articles
|2 SNKPHeng
|9 275917
|
| 655 |
|
7 |
|a príručky
|2 SNKPH
|9 74364
|
| 655 |
|
7 |
|a publikácie pre deti
|2 SNKPH
|9 70148
|
| 655 |
|
7 |
|a Handbooks, manuals, etc.
|2 SNKPHeng
|9 90964
|
| 655 |
|
7 |
|a Children's literature
|2 SNKPHeng
|9 276039
|
| 700 |
1 |
|
|a Madarásová, Jitka
|4 trl
|9 207448
|
| 700 |
1 |
|
|a Herrero, Pep
|4 pht
|9 56190
|
| 852 |
|
|
|a Štátna vedecká knižnica v Banskej Bystrici
|
| 919 |
|
|
|a 978-80-8107-934-4
|
| 958 |
|
|
|a DB
|
| 958 |
|
|
|a OP
|
| 968 |
|
|
|b ENG
|
| 999 |
|
|
|c 1101913
|d 1103843
|
| 952 |
|
|
|a SNK
|b SNK
|y PREZ
|7 0
|p 17A1218231
|o snkSB 90881
|i snk2016/27121
|8 0
|0 0
|1 0
|4 0
|d 2016-11-23
|f 1
|l 0
|r 2025-05-14 00:00:00
|w 2026-02-24
|
| 952 |
|
|
|a SNK
|b SNK
|y VYP
|7 0
|p 17A1218232
|o snkSB 90881 D1
|i snk2016/27123
|8 0
|0 0
|1 0
|4 0
|d 2016-11-23
|l 0
|r 2026-02-24 17:33:53
|w 2026-02-24
|